ARRUPE JESUIT UNIVERSITY

CORONAVIRUS -STOP THE SPREAD - CLEAN,DISINFECT,COVER

African religions in Western scholarship. (Record no. 131143)

MARC details
000 -LEADER
fixed length control field 00798cam a2200265 4500
001 - CONTROL NUMBER
control field 3609192
003 - CONTROL NUMBER IDENTIFIER
control field ARRUPE
005 - DATE AND TIME OF LATEST TRANSACTION
control field 20220201135500.0
008 - FIXED-LENGTH DATA ELEMENTS--GENERAL INFORMATION
fixed length control field 720818s1970 ug b 000 0 eng
010 ## - LIBRARY OF CONGRESS CONTROL NUMBER
LC control number 72182410
040 ## - CATALOGING SOURCE
Original cataloging agency DLC
Transcribing agency DLC
Modifying agency DLC
043 ## - GEOGRAPHIC AREA CODE
Geographic area code e------
-- f------
050 00 - LIBRARY OF CONGRESS CALL NUMBER
Classification number BL-2400-1
082 00 - DEWEY DECIMAL CLASSIFICATION NUMBER
Classification number 299/.6
300 ## - PHYSICAL DESCRIPTION
Dimensions 20 cm.
100 1# - MAIN ENTRY--PERSONAL NAME
Personal name p'Bitek, Okot,
Dates associated with a name 1931-
9 (RLIN) 3497
245 10 - TITLE STATEMENT
Title African religions in Western scholarship.
260 ## - PUBLICATION, DISTRIBUTION, ETC. (IMPRINT)
Place of publication, distribution, etc Kampala,
Name of publisher, distributor, etc East African Literature Bureau
Date of publication, distribution, etc [1970?]
300 ## - PHYSICAL DESCRIPTION
Extent ix, 139, [1] p.
350 ## - PRICE (NR) (BK AM CF MU VM SE) [OBSOLETE]
Price 16/50
504 ## - BIBLIOGRAPHY, ETC. NOTE
Bibliography, etc Bibliography: p. 135-[140]
650 #0 - SUBJECT ADDED ENTRY--TOPICAL TERM
Topical term or geographic name as entry element Learning and scholarship
Geographic subdivision Europe.
9 (RLIN) 51047
651 #0 - SUBJECT ADDED ENTRY--GEOGRAPHIC NAME
Geographic name Africa
General subdivision Religion
-- Study and teaching.
9 (RLIN) 51044
906 ## - LOCAL DATA ELEMENT F, LDF (RLIN)
a 7
b cbc
c orignew
d 4
e ncip
f 19
g y-gencatlg
942 ## - ADDED ENTRY ELEMENTS (KOHA)
Source of classification or shelving scheme Library of Congress Classification
Koha item type Monograph ( Printed materials)
Holdings
Withdrawn status Lost status Source of classification or shelving scheme Damaged status Not for loan Collection code Home library Current library Shelving location Date acquired Total Checkouts Full call number Barcode Date last seen Date checked out Price effective from Koha item type
    Library of Congress Classification     Main Collection ARRUPE COLLEGE BOOKSTORE ARRUPE LIBRARY Main Collection 01/02/2022 1 BL-2400-1 46600007867 12/05/2022 01/02/2022 01/02/2022 Monograph ( Printed materials)

 

Arrupe Library. PO Box MP320 Mt Pleasant, Harare, Zimbabwe
263 242 745411|librarian@aju.ac.zw